000 00500nam a2200157Ia 4500
008 151021s9999 xx 000 0 und d
020 _a78137144
050 _aHD 30.28 .G353 2011
245 _a_Essentials of Strategic Management The Quest for Competitive Advantage / Gamble E. John
260 _aNew York : McGraw Hill, 2011
300 _axxxi,557 p.
500 _aIncludes index
650 _a_Strategic Management
700 _a_John A. Thompson
980 _a^d20110712 05:00:49^okilerai
999 _c7921
_d7921